000 01256nam a2200325 c 4500
003 BLK
005 20190419093234.0
008 180411b bul|||||r ||||||| ||bul||
010 _aKNG00203997000
040 _aBLK
041 _aBUL
_cBUL
080 _aАвстрийска литература
_b821.112(436)
_x-94
_z821.112(436)-94
100 1 _aЦвайг, Стефан
_eпърви автор
_9366443
700 1 _aДрагнева, Живка Христова
_eпрев. от нем.
_9375011
139 _aЦвайг, Стефан
_bЦ 29
245 1 0 _aСветът от вчера
_cСтефан Цвайг; прев. от нем. Живка Христова Драгнева.
257 _aAUT
260 София
_bСлавчо Атанасов
_c1944
_fСофия : печ. Фар
300 _a476 с.
_c19 см
380 _aX
490 1 _aБиблиотека Златни зърна
490 1 _3Подсерия
_vГ. ІХ. Премия
500 _aБез сведение за ориг. загл.
653 _aмемоари
852 _aЦб І 16582
856 4 _qpdf
_u
856 4 _qpdf
_u
942 _cKNG
_n0
_02
944 _aCR
_c28.03.2017
_lф /
_kВиолета_Тройчева
944 _aED
_c28.11.2017
_lф /
_kЛюдмила_Стоянова
999 _c194764
_d194764